[Event "Eastern Asia-ch U20 Girls"]
[Site "Tagaytay CIty"]
[Date "2017.06.02"]
[Round "7.2"]
[White "Sharfina, Juwita Ardelia"]
[Black "San Diego, Marie Antoinette"]
[Result "0-1"]
[WhiteElo "1850"]
[BlackElo "2043"]
[PlyCount "158"]
[EventDate "2017.05.27"]
[EventType "swiss"]
[EventRounds "9"]
[EventCountry "PHI"]
[SourceTitle "EXT 2024"]
[Source "ChessBase"]
[SourceDate "2023.10.10"]
[SourceVersion "1"]
[SourceVersionDate "2023.10.10"]
[SourceQuality "1"]

1. e4 c5 2. Nf3 g6 3. d4 cxd4 4. Nxd4 Bg7 5. Nc3 Nc6 6. Be3 Nf6 7. f3 0-0 8. Bc4 Qb6 9. Rb1 e5 10. Nf5 Qb4 11. Nd6 Nd4 12. Bxd4 Qxd6 13. Be3 Qc7 14. Qd3 a6 15. a4 d6 16. Rc1 Be6 17. Nd5 Nxd5 18. Bxd5 Bxd5 19. Qxd5 Qc6 20. Qb3 Kh8 21. 0-0 f5 22. exf5 gxf5 23. Rfd1 Rf6 24. Rd5 Rg6 25. Rcd1 Rg8 26. R1d2 Bf8 27. c4 Qc7 28. Qc2 f4 29. Bf2 Rxg2+ 30. Kf1 Rxh2 31. Bg1 Rh3 32. Qe4 Qg7 33. Bf2 Qg2+ 34. Ke2 Rh2 35. Kd1 Qf1+ 36. Be1 Rxd2+ 37. Rxd2 Qg1 38. Kc2 Qg6 39. Qxg6 Rxg6 40. Kd3 Kg7 41. Ke4 Kf6 42. Rh2 h6 43. Bc3 Ke6 44. a5 Rg1 45. Bd2 Rd1 46. Bc3 Kf6 47. Bd2 Ke6 48. Bc3 Kf6 49. Bd2 Bg7 50. Bc3 Bf8 51. Rh4 Ke6 52. Rh2 Rf1 53. Bd2 h5 54. Bc3 h4 55. Rxh4 Rf2 56. Rh3 Re2+ 57. Kd3 Re3+ 58. Kd2 e4 59. Rh8 Be7 60. fxe4 Rxe4 61. Kd3 Re3+ 62. Kd2 Kd7 63. Bd4 Re6 64. Rh5 Bf6 65. Rh7+ Re7 66. Rxe7+ Kxe7 67. Bb6 Bxb2 68. Ke2 Kd7 69. Kf3 Bc1 70. Ke4 Kc6 71. Bf2 Be3 72. Bh4 Kc5 73. Kd3 d5 74. cxd5 Kxd5 75. Bg5 Kc5 76. Ke4 Kb5 77. Bd8 Bd2 78. Kd3 Bxa5 79. Bg5 Bc7 0-1

[Event "Eastern Asia-ch U20 Girls"]
[Site "Tagaytay CIty"]
[Date "2017.05.28"]
[Round "2.4"]
[White "Sharfina, Juwita Ardelia"]
[Black "Mendoza, Shania Mae"]
[Result "0-1"]
[WhiteElo "1850"]
[BlackElo "2019"]
[PlyCount "70"]
[EventDate "2017.05.27"]
[EventType "swiss"]
[EventRounds "9"]
[EventCountry "PHI"]
[SourceTitle "EXT 2024"]
[Source "ChessBase"]
[SourceDate "2023.10.10"]
[SourceVersion "1"]
[SourceVersionDate "2023.10.10"]
[SourceQuality "1"]

1. e4 d6 2. d4 Nf6 3. Nc3 g6 4. Nf3 Bg7 5. Be2 0-0 6. 0-0 Nbd7 7. h3 c6 8. Bf4 Nh5 9. Bh2 e5 10. dxe5 dxe5 11. Qd6 Re8 12. Rfd1 Qb6 13. Rab1 Bf8 14. Qd2 h6 15. Bc4 Qc7 16. g4 Nf4 17. Bxf4 exf4 18. e5 Nxe5 19. Qxf4 Nxf3+ 20. Qxf3 Be6 21. Bxe6 Rxe6 22. Ne4 Qe7 23. Ng3 Re8 24. Kg2 Bg7 25. c3 Be5 26. Nf1 Bc7 27. Rd2 Rf6 28. Qd3 Rd8 29. Qe2 Re6 30. Rxd8+ Bxd8 31. Qf3 Bb6 32. Ng3 Rf6 33. Qe4 Rxf2+ 34. Kh1 Qh4 35. Qe8+ Kh7 0-1

[Event "ASEAN-ch U20 Girls 15th"]
[Site "Taipa"]
[Date "2014.06.08"]
[Round "7"]
[White "Sharfina, Juwita Ardelia"]
[Black "Frayna, Janelle Mae"]
[Result "0-1"]
[WhiteElo "1790"]
[BlackElo "2133"]
[PlyCount "102"]
[EventDate "2014.06.04"]
[EventType "swiss"]
[EventRounds "9"]
[EventCountry "MAC"]
[SourceTitle "CBM 160 Extra"]
[Source "ChessBase"]
[SourceDate "2014.07.01"]
[SourceVersion "1"]
[SourceVersionDate "2014.07.01"]
[SourceQuality "1"]

1. e4 Nf6 2. e5 Nd5 3. d4 d6 4. Nf3 dxe5 5. Nxe5 c6 6. c4 Nb4 7. Be3 Bf5 8. Nd3 e5 9. Nxb4 Bxb4+ 10. Nc3 exd4 11. Bxd4 0-0 12. Be2 Qh4 13. Be3 Na6 14. 0-0 Bc5 15. Bxc5 Nxc5 16. Qd6 Ne6 17. Rad1 Rfe8 18. Qg3 Qxg3 19. fxg3 Bg6 20. Bd3 Bh5 21. Rde1 Rad8 22. Bb1 Nd4 23. Kf2 Ne6 24. Kg1 Rd2 25. b3 Red8 26. Ne4 Rb2 27. Rf2 Rxf2 28. Kxf2 Bg6 29. Nc3 Bxb1 30. Nxb1 Kf8 31. Nc3 Ke7 32. Rd1 Nd4 33. Ne2 Nxe2 34. Rxd8 Kxd8 35. Kxe2 Ke7 36. b4 Ke6 37. Kd3 Ke5 38. Ke3 f5 39. a3 b5 40. Kd3 g6 41. cxb5 cxb5 42. h4 h6 43. Ke3 g5 44. h5 g4 45. Kd3 f4 46. Kd2 Ke4 47. gxf4 Kxf4 48. Ke2 Kg3 49. Kf1 Kh2 50. Kf2 g3+ 51. Kf3 a6 0-1

[Event "ASEAN-ch U20 Girls 15th"]
[Site "Taipa"]
[Date "2014.06.06"]
[Round "4"]
[White "Sharfina, Juwita Ardelia"]
[Black "Assaubayeva, Bibissara"]
[Result "0-1"]
[WhiteElo "1790"]
[BlackElo "1936"]
[PlyCount "96"]
[EventDate "2014.06.04"]
[EventType "swiss"]
[EventRounds "9"]
[EventCountry "MAC"]
[SourceTitle "CBM 160 Extra"]
[Source "ChessBase"]
[SourceDate "2014.07.01"]
[SourceVersion "1"]
[SourceVersionDate "2014.07.01"]
[SourceQuality "1"]

1. e4 c5 2. Nf3 d6 3. d4 cxd4 4. Nxd4 Nf6 5. Nc3 a6 6. Be3 e5 7. Nb3 Be6 8. f3 Nbd7 9. Qd2 b5 10. g4 Be7 11. 0-0-0 0-0 12. g5 b4 13. Ne2 Ne8 14. f4 a5 15. f5 a4 16. fxe6 axb3 17. exf7+ Rxf7 18. Kb1 Rxa2 19. Nc1 Qa8 20. Nxb3 Rf3 21. Bb5 Nc5 22. Bxc5 dxc5 23. Qe2 Rf8 24. Qg4 Kh8 25. Qe6 Bxg5 26. Rhf1 Bf6 27. Qb6 Rg8 28. Bxe8 Ra6 29. Qxc5 Rxe8 30. Qxb4 Rb8 31. Qc4 Ra4 32. Qd3 h6 33. Rde1 Rd8 34. Qe3 Rxe4 35. Qh3 Rxe1+ 36. Rxe1 e4 37. Rf1 Qa6 38. Re1 Ra8 39. c3 Qb6 40. Nc1 Rb8 41. Re2 Bg5 42. Na2 Qg1+ 43. Kc2 Rd8 44. Kb3 Qd1+ 45. Rc2 Qd5+ 46. c4 Qb7+ 47. Nb4 Rd3+ 48. Rc3 Rxh3 0-1

[Event "ASEAN-ch U20 Girls 15th"]
[Site "Taipa"]
[Date "2014.06.05"]
[Round "3"]
[White "Sharfina, Juwita Ardelia"]
[Black "Zullkafli, Amira Syahmina"]
[Result "1-0"]
[WhiteElo "1790"]
[BlackElo "1702"]
[PlyCount "49"]
[EventDate "2014.06.04"]
[EventType "swiss"]
[EventRounds "9"]
[EventCountry "MAC"]
[SourceTitle "CBM 160 Extra"]
[Source "ChessBase"]
[SourceDate "2014.07.01"]
[SourceVersion "1"]
[SourceVersionDate "2014.07.01"]
[SourceQuality "1"]

1. e4 c5 2. Nf3 d6 3. d4 cxd4 4. Nxd4 Nf6 5. Nc3 g6 6. Be3 Bg7 7. f3 0-0 8. Qd2 Nc6 9. 0-0-0 Bd7 10. g4 Ne5 11. h4 Qc7 12. h5 Nc4 13. Bxc4 Qxc4 14. Nde2 b5 15. Bh6 b4 16. Bxg7 bxc3 17. Qh6 cxb2+ 18. Kd2 Rac8 19. Bxf6 Qxc2+ 20. Ke3 exf6 21. hxg6 Rc3+ 22. Nxc3 Qxc3+ 23. Kf2 Qc5+ 24. Kg2 Qc2+ 25. Kg3 1-0